000 00527nam a2200169 i 4500
001 62404
003 ES-MaACL
005 20230906164648.0
007 t|
008 031120s1929 sp ||||1| spa d
100 1 _aFernández, Manuel D.
_949403
245 1 0 _aEtica y economía ferroviarias /
_cpor Manuel D. Fernández ; prólogo de Eduardo Maristany.
260 _aMadrid :
_bHijos de M. G. Hernández,
_c1929.
300 _a246 p. ;
_c20 cm.
700 1 _aMaristany y Gibert, Eduardo.
_9129510
852 _aES-MaACL
_jB-3034
999 _c62404
_d62404